| 000 | 00966nas a2200301 4500 | ||
|---|---|---|---|
| 001 | BR0102296 | ||
| 003 | BR-BrBNA | ||
| 005 | 20231205102238.0 | ||
| 007 | ta | ||
| 008 | 230509b bl.|||p| |||| 00| 00por d | ||
| 040 |
_aBR-BrBNA _bpor _cBiblioteca Nacional de Agricultura |
||
| 041 | _a(Pt) | ||
| 072 | _aH10; F30 | ||
| 100 | 1 | _aBarros, A.C.B. | |
| 100 | 1 | _aMoura, R.M. de | |
| 100 | 1 | _aPedrosa, E.M.R. | |
| 245 | 1 | _aAplicacao de terbufos no controle de Meloidogyne incognita raca 1 e Pratylenchus zeae em cinco variedades de cana-de-acucar no nordeste: parte 1 - efeitos na cana planta | |
| 650 | _aCana de Acucar | ||
| 650 | _aMeloidoginose | ||
| 650 | _aNematoide | ||
| 650 | _aNematicida | ||
| 650 | _aControle Quimico | ||
| 650 | _aVariedade | ||
| 650 | _aNordeste | ||
| 773 | 0 |
_tNematologia Brasileira (Brazil) _xISSN 0102-2997 _g(Jun 2000), v. 24(1) p. 73-78 _wBR0102296 |
|
| 909 |
_a202311 _bLúcia _c55 _dLúcia Elande |
||
| 942 |
_2AGRIS _n0 _cANA |
||
| 999 |
_c166536 _d166536 |
||